[Event "ESP-ch U18"]
[Site "Salobrena"]
[Date "2023.08.02"]
[Round "4"]
[White "Li Chen, Helena Joana"]
[Black "Fernandez Lopez, Pablo II"]
[Result "1/2-1/2"]
[WhiteElo "1708"]
[BlackElo "1752"]
[PlyCount "71"]
[EventDate "2023.07.31"]
[EventType "swiss"]
[EventRounds "9"]
[EventCountry "ESP"]
[SourceTitle "CBM 215 Extra"]
[Source "ChessBase"]
[SourceDate "2023.09.30"]
[SourceVersion "1"]
[SourceVersionDate "2023.09.30"]
[SourceQuality "1"]

1. e4 c6 2. d4 d5 3. e5 c5 4. dxc5 e6 5. Bd3 Bxc5 6. Nf3 Nc6 7. 0-0 Qc7 8. Re1 Nge7 9. c3 a6 10. Nbd2 Ng6 11. Nb3 Ba7 12. Nbd4 Bd7 13. Bg5 Rc8 14. Nxc6 Bxc6 15. Be3 Bxe3 16. Rxe3 Qb6 17. b4 Bb5 18. Bc2 Qd8 19. Nd4 Bc4 20. Qh5 Qh4 21. Qxh4 Nxh4 22. Rh3 g5 23. f4 Ke7 24. fxg5 Ng6 25. Bxg6 hxg6 26. Kf2 Rxh3 27. gxh3 Bd3 28. Rc1 Bf5 29. h4 b6 30. a4 Rc4 31. Rd1 Be4 32. Ne2 a5 33. Rd4 Bc2 34. Rxc4 dxc4 35. Nd4 Bxa4 36. b5 1/2-1/2

[Event "Gallego-ch U14"]
[Site "Viveiro"]
[Date "2017.02.28"]
[Round "7"]
[White "Fernandez Lopez, Pablo II"]
[Black "Pousada Garcia, Sergio"]
[Result "1-0"]
[WhiteElo "1774"]
[BlackElo "1327"]
[PlyCount "55"]
[EventDate "2017.02.25"]
[EventType "swiss"]
[EventRounds "8"]
[EventCountry "ESP"]
[SourceTitle "EXT 2024"]
[Source "ChessBase"]
[SourceDate "2023.10.10"]
[SourceVersion "1"]
[SourceVersionDate "2023.10.10"]
[SourceQuality "1"]

1. e4 d6 2. d4 Nf6 3. Nc3 g6 4. f4 Bg7 5. Nf3 Nc6 6. Bc4 0-0 7. 0-0 Bg4 8. e5 Nd7 9. Be3 Na5 10. Bd3 Rc8 11. b4 Nc6 12. Qd2 Nxb4 13. Be4 c6 14. Rab1 d5 15. Bxg6 hxg6 16. Rxb4 Nb6 17. Qf2 f5 18. Ng5 Qd7 19. Qh4 Bh5 20. h3 Bh6 21. Kh2 Nc4 22. Rxc4 dxc4 23. Rg1 Bxg5 24. Qxg5 Kg7 25. g4 fxg4 26. hxg4 Kf7 27. gxh5 gxh5 28. Qg6# 1-0

[Event "Mondariz Balneario op 3rd"]
[Site "Mondariz Balneario"]
[Date "2016.08.21"]
[Round "6.9"]
[White "Adams, Philip"]
[Black "Fernandez Lopez, Pablo II"]
[Result "1-0"]
[WhiteElo "1679"]
[BlackElo "1808"]
[PlyCount "69"]
[EventDate "2016.08.17"]
[EventType "swiss"]
[EventRounds "9"]
[EventCountry "ESP"]
[SourceTitle "EXT 2024"]
[Source "ChessBase"]
[SourceDate "2023.10.10"]
[SourceVersion "1"]
[SourceVersionDate "2023.10.10"]
[SourceQuality "1"]

1. e4 c5 2. Nf3 d6 3. c3 Nf6 4. h3 Nc6 5. Bd3 e6 6. Bc2 Be7 7. 0-0 0-0 8. Re1 b5 9. d4 cxd4 10. cxd4 Nb4 11. Bb3 d5 12. e5 Ne4 13. Nc3 Nxc3 14. bxc3 Nc6 15. Qd3 b4 16. Bc2 g6 17. a3 bxc3 18. Qxc3 Bd7 19. Bh6 Re8 20. Qd2 f6 21. exf6 Bxf6 22. Rab1 Qc7 23. h4 Bg7 24. h5 Ne7 25. hxg6 Nxg6 26. Bxg6 hxg6 27. Qg5 Kh7 28. Bxg7 Kxg7 29. Ne5 Ba4 30. Qxg6+ Kf8 31. Qf6+ Kg8 32. Re3 Re7 33. Rg3+ Rg7 34. Qxe6+ Kh8 35. Ng6+ 1-0

[Event "Galego-ch U14"]
[Site "Viveiro"]
[Date "2016.02.06"]
[Round "2"]
[White "Fernandez Lopez, Pablo II"]
[Black "Quintas Fernandez, Paula"]
[Result "1-0"]
[WhiteElo "1627"]
[BlackElo "1316"]
[PlyCount "113"]
[EventDate "2016.02.06"]
[EventType "swiss"]
[EventRounds "8"]
[EventCountry "ESP"]
[SourceTitle "EXT 2024"]
[Source "ChessBase"]
[SourceDate "2023.10.10"]
[SourceVersion "1"]
[SourceVersionDate "2023.10.10"]
[SourceQuality "1"]

1. e4 e5 2. Nf3 Nc6 3. Bb5 Nf6 4. d3 d6 5. c3 Bd7 6. 0-0 a6 7. Ba4 d5 8. exd5 Nxd5 9. Bxc6 Bxc6 10. Nxe5 Qd6 11. Nxc6 Qxc6 12. Re1+ Ne7 13. Bg5 f6 14. Bf4 0-0-0 15. d4 Nd5 16. Bg3 g5 17. Nd2 h5 18. f3 f5 19. Be5 Rg8 20. Qc2 f4 21. Qh7 Bh6 22. c4 Nf6 23. Qxh6 Nd7 24. Qxc6 bxc6 25. Ne4 Nxe5 26. dxe5 Rge8 27. Nf6 Re6 28. Nxh5 Rd7 29. Nf6 Rde7 30. Ng4 c5 31. Rad1 Rb6 32. b3 a5 33. Nf6 Rbe6 34. Ng4 Ra6 35. Rd5 Rc6 36. e6 Rexe6 37. Rxe6 Rxe6 38. Rxg5 Re1+ 39. Kf2 Ra1 40. a4 Ra2+ 41. Kf1 Ra1+ 42. Ke2 Ra2+ 43. Kd3 Rxg2 44. Rxc5 Rg1 45. Rxa5 Rf1 46. Ke4 Rb1 47. h4 Rh1 48. h5 Kd7 49. h6 Ke6 50. Ra6+ Kf7 51. Ne5+ Kg8 52. Rg6+ Kh7 53. a5 Ra1 54. a6 Ra3 55. Kf5 Rxb3 56. Nd7 Kh8 57. a7 1-0